000 00442pab a2200169 454500
008 180718b1999 xxu||||| |||| 00| 0 eng d
100 _aPuri, Balraj
245 _aKargil in the perspective of Indo-Pak conflicts
260 _c1999
300 _ap.11-13
362 _a31 Jul
650 _aIndia - Foreign relations - Pakistan
650 _aInternational relations
650 _aKargil conflict
773 _aMainstream
909 _a41767
999 _c41767
_d41767